Detalles MARC
| 000 -LÍDER |
| Campo fijo de descripción fija |
01659aam a2200301 i 4500 |
| 001 - NÚMERO DE CONTROL |
| Campo de control |
768714001 |
| 003 - IDENTIFICADOR DEL NÚMERO DE CONTROL |
| Campo de control |
CO-MdFUSB |
| 005 - FECHA Y HORA DE LA ULTIMA TRANSACCIÓN |
| control field |
20211203084311.0 |
| 007 - CAMPO FIJO DE DESCRIPCIÓN FIJA--INFORMACIÓN GENERAL |
| Campo fijo de descripción fija |
ta |
| 008 - ELEMENTOS DE LONGITUD FIJA -- INFORMACIÓN GENERAL |
| Campo fijo de descripción fija -- Información general |
211203t1988 sp |||| |||| 00| 0 spa d |
| 020 ## - NÚMERO INTERNACIONAL NORMALIZADO PARA LIBROS |
| Número Internacional Normalizado del libro |
8476452942 |
| 040 ## - FUENTE DE CATALOGACIÓN |
| Idioma de catalogación |
spa. |
| Agencia de catalogación original |
CO-MdFUSB |
| Agencia que realiza la transcripción |
CO-MdFUSB |
| Agencia que realiza la modificación |
CO-MdFUSBC |
| Convenciones de la descripción |
rda |
| 041 ## - CÓDIGO DE IDIOMA |
| Código de idioma para texto/pista de sonido o título separado |
spa |
| 082 04 - NÚMERO DE CLASIFICACIÓN DECIMAL DEWEY |
| Número de clasificación |
270.6092 |
| Número de la edición del Dewey |
23 |
| Clave de autor-Numero de item |
B5711i |
| 100 1# - ASIENTO PRINCIPAL--NOMBRE PERSONAL |
| Nombre personal |
Bevan, Frances |
| Término relacionador |
autor |
| 245 #3 - TÍTULO |
| Título del Material |
La vida de Guillermo Farel |
| Mención de responsabilidad, etc. |
/ Frances Bevan |
| 264 #1 - PRODUCCIÓN, PUBLICACIÓN, DISTRIBUCIÓN, MANUFACTURA, Y COPYRIGHT |
| Lugar de producción, publicación, distribución, manufactura |
Terrassa, Barcelona, España : |
| Nombre del productor, publicador, distribuidor |
Clie, |
| Fecha de producción, publicación, distribución, manufactura, o copyright |
[1988] |
| 264 #4 - PRODUCCIÓN, PUBLICACIÓN, DISTRIBUCIÓN, MANUFACTURA, Y COPYRIGHT |
| Fecha de producción, publicación, distribución, manufactura, o copyright |
© 1988 |
| 300 ## - DESCRIPCIÓN FÍSICA |
| Extensión |
334 páginas |
| Dimensiones |
; 20 cm |
| 336 ## - TIPO DE CONTENIDO |
| Término de tipo de contenido |
texto |
| Código de tipo de contenido |
txt |
| Fuente |
rdacontent |
| 337 ## - TIPO DE MEDIO |
| Fuente |
rdamedia |
| Nombre del tipo de medio |
sin mediación |
| Código del tipo de medio |
n |
| 338 ## - TIPO DE SOPORTE |
| Fuente |
rdacarrier |
| Nombre del tipo de soporte |
volumen |
| Código Tipo de soporte |
nc |
| 505 ## - NOTA DE CONTENIDO |
| Nota de contenido con formato preestablecido |
Dos cuadros. -- Los días de que habló Pablo. -- Un niño son Biblia. -- Cómo hizo uso Dios de los turcos, los judíos y los impresores. -- Cómo fue Guillermo a París. -- Cómo principiaron las tinieblas en la iglesia de Dios. -- Cómo se hicieron intensas las tinieblas. -- La insensatez de Dios que es más sabia que los hombres. -- Un ídolo ahogado y un santo quemado. -- Feliz comunión; y sólo con cristo. -- Amigos y colaboradores. -- La palabra que es como martillo que quebranta la piedra. -- El sermón de Padre Miguel. -- El rompimiento del pan. -- Una tarde en la rectoría. -- La adoración en espíritu y en verdad. -- Una escapada difícil. -- Una llegada inesperada. -- Una carta que puede ser para vosotros. -- Los amigos de Ginebra. -- Juan Calvino. -- Extranjero y peregrino. -- Siete años llenos de acontecimientos. |
| 563 ## - NOTA DE ENCUADERNACIÓN |
| Nota de encuadernación |
Rústico |
| 650 #0 - ASIENTO SECUNDARIO DE MATERIA - TERMINO TEMÁTICO |
| 9 (RLIN) |
1238 |
| Término temático o nombre geográfico como elemento de entrada |
Biografías cristianas |
| 942 ## - TIPO DE MATERIAL (KOHA) |
| Tipo de Item KOHA |
Libros General |
| 945 ## - INFORMACIÓN LOCAL DEL REGISTRO |
| Catalogador |
JTF-925 |